00751 2200253 4500001002100000005001500021035002000036007000300056008004100059020002200100082001000122084001600132100002700148245013600175250001000311260003000321300006200351650001200413700002400425990001200449990001200461990001200473990001200485INLIS00000000000535820200921110615 a0010-0220000076ta200921 b 1 ind  a978-979-29-7099-9 a398.2 a398.2 WIN s0 aWINKANDA, Satria Putra1 aKumpulan Dongeng Negeri Swedia :bRaksasa Stompe Pilt dan Seorang Anak Gembala /cWinkanda Satria Putra; editor, Th. Arie Prabawati acet.1 aYogyakarta :bAndi,c2018 av, 85 hlm. :bilus. ;c23 cm.-- Seri Cerita Dongeng Dunia 4aDONGENG0 aARIE, Prabawati Th. a17054 A a17054 B a17054 C a17054 D